Deux-Sèvres - mort subite - Statistiques

Statistiques générales
  • Ce quiz a été pris 35 fois
    30 depuis la dernière actualisation
  • Le résultat moyen est 9 sur 18
Answers on the Grid
Answers color-coded by a green-red scale on the quiz's grid according to % correct below.
La Sèvre Orientale
Bressuire
Frontenay-Rohan-Rohan
Un aéroport avec des vols réguliers
La Sèvre Viennoise
Poitiers
Thouars
Saintes
Le lieu de naissance de deux présidents de la France
Parthenay
Deux centrales nucléaires
La Sèvre inférieur
Deux cathédrales
Cholet
Saint-Maixent-l'École
La Crèche
Mauléon
L'ancienne province de Poitou
La-Roche-sur-Yon
Le marais Poitevin
La Sèvre de Poitou
Saumur
Celles-sur-Belle
Deux gares TGV
Le Domaine des Trahan
Secondigny
Azay-le-Brûlé
Marigot
Xaintray
Une frontière avec la Normandie
Coulon
Lhoumois
La Sèvre Niçoise
Bourg-Madame
Prairie du Chien
Les maisons de deux Deux-Sévriens (au moins)
 
Statistiques - réponses
Réponse % Correct
Bressuire
88%
Thouars
88%
Parthenay
71%
Saint-Maixent-l'École
71%
Frontenay-Rohan-Rohan
65%
La Crèche
65%
Les maisons de deux Deux-Sévriens (au moins)
59%
Mauléon
59%
Celles-sur-Belle
53%
Le marais Poitevin
53%
Secondigny
53%
L'ancienne province de Poitou
41%
Azay-le-Brûlé
35%
Coulon
29%
Niort et Saint-Maixent Deux gares TGV
29%
Xaintray
24%
Lhoumois
18%
Domaine viticole (Val-en-Vignes) Le Domaine des Trahan
12%
Aucun quiz correspondant
Distribution des résultats
% des personnes avec chaque résultat
Percentile par nombre de réponses
Votre historique - résultats
Vous n’avez pas pris ce quiz depuis la dernière actualisation